Surveying : (Record no. 2378)

MARC details
000 -LEADER
fixed length control field 00934nac a22002771i 4500
003 - CONTROL NUMBER IDENTIFIER
control field EG-ScBUE
005 - DATE AND TIME OF LATEST TRANSACTION
control field 20241222095926.0
008 - FIXED-LENGTH DATA ELEMENTS--GENERAL INFORMATION
fixed length control field 080908t2006 enka f b 001 0 eng d
020 ## - INTERNATIONAL STANDARD BOOK NUMBER
International Standard Book Number 0131188623
040 ## - CATALOGING SOURCE
Original cataloging agency EG-ScBUE
Language of cataloging eng
Description conventions rda
Transcribing agency EG-ScBUE
Modifying agency EG-ScBUE
082 04 - DEWEY DECIMAL CLASSIFICATION NUMBER
Classification number 526.9
Item number KAV
Edition number 22
100 1# - MAIN ENTRY--PERSONAL NAME
Personal name Kavanagh, Barry F.,
Relator term author.
245 10 - TITLE STATEMENT
Title Surveying :
Remainder of title Principles and Applications /
Statement of responsibility, etc Barry F. Kavanagh, Seneca College Emeritus.
250 ## - EDITION STATEMENT
Edition statement Seventh edition.
264 #1 - PUBLICATION, DISTRIBUTION, ETC. (IMPRINT)
Place of publication, distribution, etc Upper Saddle River, NJ :
Name of publisher, distributor, etc Prentice Hall,
Date of publication, distribution, etc [2006]
264 #4 - PUBLICATION, DISTRIBUTION, ETC. (IMPRINT)
Date of publication, distribution, etc c2006
300 ## - PHYSICAL DESCRIPTION
Extent xiv, 801 pages :
Other physical details illustrations (some color) ;
Dimensions 24 cm
336 ## - CONTENT TYPE
Source rdacontent
Content type term text
Content type code txt
337 ## - MEDIA TYPE
Media type term unmediated
Source rdamedia
Media type code n
338 ## - CARRIER TYPE
Carrier type term volume
Carrier type code nc
Source rdacarrier
500 ## - GENERAL NOTE
General note One copy Distributed by Bacca.
504 ## - BIBLIOGRAPHY, ETC. NOTE
Bibliography, etc Includes bibliographical references and index.
650 #7 - SUBJECT ADDED ENTRY--TOPICAL TERM
Topical term or geographic name as entry element Surveying.
Source of heading or term BUEsh
655 ## - INDEX TERM--GENRE/FORM
Form subdivision Reading book
942 ## - ADDED ENTRY ELEMENTS (KOHA)
Koha item type Book - Borrowing
Source of classification or shelving scheme Dewey Decimal Classification
Holdings
Withdrawn status Lost status Source of classification or shelving scheme Damaged status Not for loan Collection code Home library Current library Shelving location Date acquired Source of acquisition Total Checkouts Total Renewals Full call number Barcode Date last seen Date checked out Price effective from Koha item type Cost, normal purchase price Serial Enumeration / chronology
    Dewey Decimal Classification     Baccah Central Library Central Library First floor 19/02/2007 Purchase 11 19 526.9 KAV 000001907 15/07/2025 05/11/2018 19/02/2007 Book - Borrowing    
    Dewey Decimal Classification     Baccah Central Library Central Library First floor 19/02/2007 Purchase 11 8 526.9 KAV 000001906 15/07/2025 08/01/2019 19/02/2007 Book - Borrowing    
    Dewey Decimal Classification     Baccah Central Library Central Library First floor 08/09/2008 Purchase 6 6 526.9 KAV 000013512 15/07/2025 17/03/2015 08/09/2008 Book - Borrowing    
    Dewey Decimal Classification     Baccah Central Library Central Library First floor 24/02/2009 Purchase     526.9 KAV 000001905 15/07/2025   24/02/2009 NB - Book (Non borrowing)    
    Dewey Decimal Classification     Baccah Central Library Central Library First floor 24/02/2009 Purchase 6 40 526.9 KAV 000014967 15/07/2025 24/10/2018 24/02/2009 Book - Borrowing 256.00 7117